|
|
|
|
| LEADER |
01672nam a2200457 a 4500 |
| 001 |
nkc20051626331 |
| 003 |
CZ PrNK |
| 005 |
20051208154327.0 |
| 007 |
ta |
| 008 |
051010s2005 xr g 000 f cze |
| 015 |
|
|
|a cnb001626331
|
| 020 |
|
|
|a 80-239-6242-6
|q (v knize neuvedeno ;
|q váz.)
|
| 035 |
|
|
|a (OCoLC)85163505
|
| 040 |
|
|
|a BOA001
|b cze
|d ABA001
|
| 041 |
1 |
|
|a cze
|h ger
|
| 045 |
|
|
|a w8x5
|
| 072 |
|
7 |
|a 821.112.2-3
|x Německá próza, německy psaná
|2 Konspekt
|9 25
|
| 080 |
|
|
|a 821.112.2-3
|2 MRF
|
| 080 |
|
|
|a (0:82-3)
|2 MRF
|
| 080 |
|
|
|a (082.21)
|2 MRF
|
| 100 |
1 |
|
|a Benn, Gottfried,
|d 1886-1956
|7 jn19990000669
|4 aut
|
| 245 |
1 |
0 |
|a Nokturno :
|b (výbor z prózy) /
|c Gottfried Benn ; [vybral a přeložil Jiří Brynda]
|
| 250 |
|
|
|a Vyd. 1.
|
| 260 |
|
|
|a Praha :
|b Herrmann & synové,
|c 2005
|
| 300 |
|
|
|a 222 s. ;
|c 17 cm
|
| 500 |
|
|
|a Přeloženo z němčiny
|
| 600 |
1 |
7 |
|a Benn, Gottfried,
|d 1886-1956
|7 jn19990000669
|2 czenas
|
| 648 |
|
7 |
|a 20. století
|7 ch460558
|2 czenas
|
| 650 |
0 |
7 |
|a německá próza
|7 ph123499
|y 20. století
|2 czenas
|
| 650 |
0 |
9 |
|a German prose literature
|y 20th century
|2 eczenas
|
| 655 |
|
7 |
|a německé prózy
|7 fd132943
|2 czenas
|
| 655 |
|
7 |
|a výbory
|7 fd133853
|2 czenas
|
| 655 |
|
9 |
|a German prose
|2 eczenas
|
| 655 |
|
9 |
|a selected works
|2 eczenas
|
| 765 |
0 |
|
|t Gesammelte Werke in vier Bänden I, II
|9 Česky
|
| 856 |
4 |
1 |
|u http://www.digitalniknihovna.cz/mzk/uuid/uuid:c5c67cc0-a7ce-11e6-b707-005056827e51
|y Digitalizovaný dokument
|x NDK
|
| 910 |
2 |
|
|a BOA001
|b 1-1158.890
|
| 990 |
|
|
|a BK
|
| 995 |
|
|
|a 01
|
| 991 |
|
|
|b 200510
|
| 996 |
6 |
|
|b 2610261377
|c 1-1158.890
|l MZK
|r Sklad / do 1 hodiny
|n 0
|p p.v.
|w 000792964
|u 000010
|a 1
|e BOA001
|j MZK50
|s P
|